000 00804nam a22001937a 4500
003 BD-DhUL
005 20161013190644.0
008 161013b ru ||||| |||| 00| 0 eng d
040 _cBD-DhUL
_dBD-DhUL
_dBD-DhUL
082 _a572
_bNEM
100 _aনেস্তুর্খ, মিখাইল
245 1 0 _aমানব সমাজ :
_bপ্রজাতি, জাতি, প্রগতি
_cমিখাইল নেস্তুর্খ অনুবাদক দ্বিজেন শর্মা
260 _aমস্কো ;
_bপ্রগতি প্রকাশন,
_c১৯৭৬।
300 _a১৫০ পৃ. ;
_c২২ সে.মি.
650 0 _aনৃতত্ত্ব
650 0 _aAnthropology
700 _aশর্মা, দ্বিজেন
942 _2ddc
_cBK
999 _c108998
_d108998